European Islands (slideshow) Quiz Stats

Quiz not verified by Sporcle

Challenge
Share
Tweet
Score 0/35 Timer 20:00
0 Plays Today
% Correct
Sicily, Italy
73.4%
Iceland
72.2%
Crete, Greece
70.2%
Mallorca, Spain
62.9%
Santorini, Greece
52.4%
Malta
47.6%
Spitsbergen, Norway
41.5%
Jersey, British Crown Dependency
38.3%
Viðoy (Faroe Islands), Denmark
36.7%
Sardinia, Italy
32.3%
Corsica, France
31.9%
Capri, Italy
31%
Cyprus
31%
Fasta Åland, Finland
30.6%
Mainland (Shetland), UK
27.4%
Ibiza, Spain
26.2%
Isle of Man, British Crown Dependency
23.4%
Saaremaa, Estonia
21.8%
% Correct
Helgoland, Germany
21.4%
Rhodes, Greece
21%
Islay, UK
19.8%
Guernsey, British Crown Dependency
19.8%
Gotland, Sweden
19.4%
Corfu, Greece
19%
Giglio, Italy
19%
Gozo, Malta
18.5%
Menorca, Spain
17.3%
Usedom, Germany & Uznam, Poland
16.9%
Hvar, Croatia
16.1%
São Miguel (Azores), Portugal
15.3%
Bornholm, Denmark
14.9%
Korčula, Croatia
13.7%
Inis Mór (Aran Islands), Ireland
12.9%
Terschelling (Frisian Islands), Netherlands
11.3%
Rügen, Germany
10.5%

You're not logged in!

Compare scores with friends on all Sporcle quizzes.
Sign Up with Email
OR
Log In

You Might Also Like...

Show Comments

Extras

Top Quizzes Today


Score Distribution

Your Account Isn't Verified!

In order to create a playlist on Sporcle, you need to verify the email address you used during registration. Go to your Sporcle Settings to finish the process.